Regenerating CICs (Record no. 80362)

MARC details
000 -LEADER
fixed length control field 01040cab a22002295a 4500
001 - CONTROL NUMBER
control field L144143
008 - FIXED-LENGTH DATA ELEMENTS--GENERAL INFORMATION
fixed length control field 080624e20080621xxk f 000 0 eng d
035 ## - SYSTEM CONTROL NUMBER
System control number (Sirsi) u144143
041 0# - LANGUAGE CODE
Language code of text/sound track or separate title eng
100 1# - MAIN ENTRY--PERSONAL NAME
Personal name Mackie, Bill
245 00 - TITLE STATEMENT
Title Regenerating CICs
260 ## - PUBLICATION, DISTRIBUTION, ETC.
Date of publication, distribution, etc. 2008
490 #0 - SERIES STATEMENT
Series statement Estates Gazette
Volume/sequential designation (0824) 21 June 2008, 136-137(2)
520 ## - SUMMARY, ETC.
Summary, etc. Explains what Community Interest Companies (CICs) are and the requirements to register as a CIC. Explains what their role might be in regeneration and what can be achieved by creating an appropriate CIC. Notes that CICs are often used by social enterprises that wish to operate as companies and that they have the potential to be used for public sector regeneration.
590 ## - LOCAL NOTE (RLIN)
Local note KA
650 24 - SUBJECT ADDED ENTRY--TOPICAL TERM
Topical term or geographic name entry element COMMUNITY INTEREST COMPANY (CIC)
650 24 - SUBJECT ADDED ENTRY--TOPICAL TERM
Topical term or geographic name entry element COMPANIES (AUDIT, INVESTIGATION AND COMMUNITY ENTERPRISE) ACT 2004
650 24 - SUBJECT ADDED ENTRY--TOPICAL TERM
Topical term or geographic name entry element CALLCUTT REVIEW OF HOUSE BUILDING DELIVERY
651 #4 - SUBJECT ADDED ENTRY--GEOGRAPHIC NAME
Geographic name England and Wales
Chronological subdivision 1543-
690 ## - LOCAL SUBJECT ADDED ENTRY--TOPICAL TERM (OCLC, RLIN)
Topical term or geographic name as entry element PROPERTY-PROPERTY MANAGEMENT-REGENERATION
942 ## - ADDED ENTRY ELEMENTS (KOHA)
Suppress in OPAC 0
Holdings
Withdrawn status Lost status Source of classification or shelving scheme Damaged status Not for loan Home library Current library Shelving location Date acquired Total Checkouts Full call number Barcode Date last seen Copy number Price effective from Koha item type
    Dewey Decimal Classification     London London Journal article 24/06/2008   L144143 144143-1001 06/08/2019 1 06/08/2019 Journal article